| 000 | 00332nam a2200121Ia 4500 | ||
|---|---|---|---|
| 008 | 230907s9999||||xx |||||||||||||| ||und|| | ||
| 082 |
_a532.0533 _bWHI |
||
| 100 |
_aWhite, Frank M. _93282 |
||
| 245 | 0 | _aViscous fluid flow / | |
| 260 |
_aMcGraw-Hill Higher Education, _bNew York, NY : _c2015 |
||
| 300 | _axxi, 629 p. : | ||
| 942 | _cBK | ||
| 999 |
_c598613 _d598613 |
||